Statistieken voor Landen van de wereld die eindigen op -ië

Klik hier om de quiz te nemen!

Algemene statistieken

  • Deze quiz is 1.526 keer genomen
  • De gemiddelde score is 18 van 30

Antwoordstatistieken

Land% Correct
Australië
83%
Argentinië
82%
Brazilië
75%
Albanië
74%
België
73%
Italië
72%
Indonesië
71%
Servië
70%
Slovenië
69%
Kroatië
67%
Libië
64%
Noord-Macedonië
63%
Armenië
63%
Roemenië
63%
Georgië
59%
Ethiopië
55%
Tsjechië
55%
Tunesië
54%
Moldavië
54%
Namibië
53%
Kirgizië
52%
Mongolië
50%
Syrië
50%
Somalië
48%
Maleisië
47%
Mauritanië
45%
Micronesië
42%
Saoedi-Arabië
41%
Jordanië
37%
Kaapverdië
30%

Scoreverdeling

Percentiel versus Aantal Correcte Antwoorden

Procent van Mensen met Elke Score

Uw Scoregeschiedenis

U heeft deze quiz nog niet genomen